[Event "Vugar Gashimov Mem 2016"]
[Site "Shamkir AZE"]
[Date "2016.06.03"]
[Round "8.2"]
[White "Giri, Anish"]
[Black "Hou, Yifan"]
[Result "1/2-1/2"]
[WhiteElo "2790"]
[BlackElo "2663"]
[Annotator "Ramirez Alvarez,Alejandro"]
[PlyCount "206"]
[EventDate "2016.05.26"]

1. d4 Nf6 2. c4 e6 3. Nf3 d5 4. Nc3 Bb4 5. Bg5 h6 6. Bxf6 Qxf6 7. Qb3 c5 8.
cxd5 exd5 9. a3 Bxc3+ 10. Qxc3 Nd7 11. g3 O-O 12. Bg2 Re8 13. e3 b6 14. O-O Bb7
15. Rfc1 a5 16. dxc5 Qxc3 17. Rxc3 Nxc5 18. Rac1 Kf8 19. Nd4 Rad8 20. Bf1 Re7
21. Bb5 g6 22. b4 axb4 23. axb4 Ne4 24. Rc7 Nd6 25. Rxe7 Kxe7 26. Rc7+ Kf8 27.
Bd3 Rb8 28. g4 Ke8 29. Bb5+ Kf8 30. Bd7 Bc8 31. h3 Bxd7 32. Rxd7 Ne4 33. Nc6
Ra8 34. Ne5 Ra1+ 35. Kg2 Ra2 36. Rxf7+ Kg8 37. h4 Rb2 38. Rf4 Kg7 39. Nc6 b5
40. Nd8 Rxb4 41. Ne6+ Kg8 42. Rf8+ Kh7 43. Rf7+ Kh8 44. Rf8+ Kh7 45. Rf7+ Kh8
46. f3 {Black has been against the ropes for a while, but this position is
already not as bad as it used to be. Black could move her knight to c3 and
hope to hold, though it is still very unpleasant, but Yifan has a clear cut
solution.} Rb2+ $1 47. Kh3 Re2 48. Rf8+ Kh7 49. Rf7+ Kh8 50. Rf8+ Kh7 51. fxe4
{Black gives up her knight, but this time she gets enough pawns and the pawn
count from White is too reduced.} Rxe3+ 52. Kh2 Rxe4 53. Rf7+ Kh8 54. Rf8+ Kh7
55. Rf7+ Kh8 56. Nc7 Kg8 57. Rd7 Rxg4 58. Kh3 Rc4 59. Nxd5 Kf8 60. Nf6 Rc6 $1
61. Ng4 Rb6 $1 62. Nxh6 b4 {By sacrificing the h6 pawn and pushing the b-pawn
Black guarantees that the rook will remain passive. This gives her enough time
to bring in her king and easily draw, as White cannot both take the b-pawn and
hang on to her h-pawn.} 63. Rf7+ Ke8 64. Rf2 b3 65. Rb2 Ke7 66. Ng4 Ke6 67.
Re2+ Kf7 68. Rb2 Ke6 69. Kg3 Rb5 70. Nf2 Kf6 71. Ne4+ Kg7 72. Ng5 Kh6 73. Nf3
Rb4 74. Kf2 (74. Nd2 Kh5 75. Nxb3 {is a draw either by taking the h-pawn or
just keeping the rook on the b-file. White can't make progress.}) 74... Kh5 75.
Ke3 Rb8 76. Ke4 Rb4+ 77. Kd5 Kg4 78. Ne5+ Kh5 79. Nf3 Kg4 80. Kc5 Rb8 81. Ne5+
Kh5 82. Nc6 Rb7 83. Na5 Rb8 84. Nc6 Rb7 85. Ne5 Rb8 86. Kc4 Rc8+ 87. Kd4 Rb8
88. Kc3 Rb5 89. Nf3 Rb8 90. Nd4 Kxh4 91. Nxb3 g5 92. Rh2+ Kg3 93. Rh7 g4 94.
Nd2 Rg8 95. Kd3 Kg2 96. Nc4 Rf8 97. Nd2 g3 98. Rg7 Ra8 99. Ke3 Ra3+ 100. Kf4
Kg1 101. Nc4 g2 102. Nxa3 Kf2 103. Rxg2+ Kxg2 1/2-1/2